Statystyki dla Kraje Europy

Kliknij tutaj aby rozwiązać quiz!

Ogólne statystyki

  • Ten quiz został rozwiązany 150 razy
  • Średni wynik to 35 z 45

Statystyki odpowiedzi

Kraj% Poprawnych
Polska
98%
Francja
94%
Niemcy
93%
Rosja
92%
Hiszpania
91%
Czechy
89%
Łotwa
89%
Portugalia
88%
Litwa
87%
Szwecja
87%
Ukraina
85%
Wielka Brytania
85%
Estonia
84%
Słowacja
84%
Finlandia
82%
Albania
80%
Belgia
80%
Białoruś
80%
Bośnia i Hercegowina
80%
Grecja
80%
Norwegia
80%
Irlandia
78%
Włochy
78%
Andora
77%
Austria
76%
Islandia
76%
Słowenia
75%
Chorwacja
74%
Szwajcaria
74%
Luksembourg
73%
Bułgaria
72%
Dania
72%
Rumunia
72%
Watykan
72%
Liechtenstein
70%
Węgry
69%
Czarnogóra
67%
San Marino
67%
Kosowo
66%
Macedonia Północna
62%
Monako
62%
Serbia
60%
Mołdawia
59%
Turcja
59%
Malta
55%

Rozkład punktacji

Percentyl według liczby udzielonych odpowiedzi

Procent ludzi z każdym wynikiem

Twoja historia wyników

Nie rozwiązałeś tego quizu